Statistics for Marvel

Click here to take the quiz!

General Stats

  • This quiz has been taken 19 times
  • The average score is 3 of 5

Answer Stats

QuestionAnswer% Correct
What is the name of Tony Starks kid?Morgan
82%
What is Black Widow sisters name?Yelena
82%
Who replaces JarvisFriday
76%
Who is the most powerful avengerWanda
41%
Last Question, Is Vision alive?Yes
12%

Score Distribution

Percentile by Number Answered

Percent of People with Each Score

Your Score History

You have not taken this quiz